000 00609nam a22002057a 4500
003 URS
005 20250828100515.0
008 250325b ||||| |||| 00| 0 eng d
040 _cURS
050 _aBF637.S8
_b.S687 2013
245 _aThe Millionaire Dropout
_bFire you boss. Do what you love. Reclaim your Life!
264 _aHoboken, New Jersey
_bWiley
_c©2013
336 _2rdacontent
_atext
337 _2rdamedia
_aunmediated
338 _2rdacarrier
_avolume
650 0 _92126
_aSuccess
650 0 _98283
_aSuccess in business
650 0 _92900
_aSelf-actualization (Psychology)
942 _2lcc
_cCR
999 _c85075
_d85073